000 00352nam a2200145Ia 4500
008 151213s9999 xx 000 0 und d
100 _aJoseph A. Mannino
245 _aHuman Biology
_cJoseph A. Mannino
260 _aBoston
_bMosby
_c1995
300 _a1240 p.
650 _aBiology
650 _aBiology
700 _aJoseph A. Mannino
999 _c1073
_d1073